| 000 | 00579 a2200205 4500 | ||
|---|---|---|---|
| 020 | _a0131402080 | ||
| 035 | _a(OCoLC)ocm51923659 | ||
| 040 |
_aDLC _bDLC |
||
| 082 | 0 | 0 | _a540 |
| 100 | 1 | _aMcMurry, John. | |
| 245 | 1 | 0 |
_aChemistry _cJohn McMurry, Robert C. Fay. |
| 250 | _a4th ed. | ||
| 260 |
_aIndia : _bPearson Education, _cc2004. |
||
| 300 |
_a1 v. (various pagings) : _bill. (some col.) ; _c28 cm. + _e1 CD-ROM (4 3/4 in.) |
||
| 500 | _aIncludes index. | ||
| 650 | 0 | _aChemistry. | |
| 700 | 1 |
_aFay, Robert C., _d1936- |
|
| 700 | 1 | _aMcCarty, Logan. | |
| 942 |
_cBK _k540 MCM _2ddc |
||
| 999 |
_c9393 _d9393 |
||